Yes to Mission. (Record no. 2506)

000 -LEADER
fixed length control field 00464nam a2200169 a 4500
001 - CONTROL NUMBER
control field :::00000231$&:&@@
003 - CONTROL NUMBER IDENTIFIER
control field OkBaRHE
005 - DATE AND TIME OF LATEST TRANSACTION
control field 20001027104806.0
008 - FIXED-LENGTH DATA ELEMENTS--GENERAL INFORMATION
fixed length control field s1966 j 000 0 eng u
040 ## - CATALOGING SOURCE
Transcribing agency
100 1# - MAIN ENTRY--PERSONAL NAME
Personal name Webster, Douglas
245 10 - TITLE STATEMENT
Title Yes to Mission.
260 ## - PUBLICATION, DISTRIBUTION, ETC. (IMPRINT)
Place of publication, distribution, etc London
Name of publisher, distributor, etc SCM Press Ltd.
Date of publication, distribution, etc 1966
300 ## - PHYSICAL DESCRIPTION
Extent 126 p.
942 ## - ADDED ENTRY ELEMENTS (KOHA)
Source of classification or shelving scheme
Koha item type Books
Copies
Damaged status Source of classification or shelving scheme Lost status Shelving location Barcode Full call number Price effective from Permanent Location Withdrawn status Copy number Not for loan Koha item type Date last seen Date acquired
   General Stacks231BV 2063 .W4352010-04-14RHEMA Bible Training College 1 Books2010-04-142010-04-14